Rozpoznávanie hrán v digitalizovanom technickom výkrese

Gespeichert in:
Bibliographische Detailangaben
1. Verfasser: Šmelcer, Peter, 1985- (Verfasst von)
Weitere Verfasser: Vaský, Jozef, 1955- (Betreuung Doktorarbeit)
Format: Manuskript Buch
Sprache:Slowakisch
Veröffentlicht: STU v Bratislave MTF UIAM, 2010
Schlagworte:
Online-Zugang:VAIS
Tags: Tag hinzufügen
Keine Tags, Fügen Sie das erste Tag hinzu!

MARC

LEADER 00000ntm a22000003a 4500
001 stu206738
005 20160719160223.6
008 100708s2010------------------------slo-d
040 |a STU  |b slo 
041 0 |a slo 
100 1 |a Šmelcer, Peter,  |d 1985-  |4 aut  |X 34361  |7 A000034361 
242 0 0 |a Detection of edges in a digitalized technical drawing  |y eng 
245 1 |a Rozpoznávanie hrán v digitalizovanom technickom výkrese 
260 |b STU v Bratislave MTF UIAM,  |c 2010 
650 7 |a vektorizácia  |2 stusub 
650 7 |a Houghova transformácia  |2 stusub 
700 1 |a Vaský, Jozef,  |d 1955-  |4 ths  |u M6000  |U MTF Materiálovotechnologická fakulta  |T MTF Ústav aplikovanej informatiky, automatizácie a matematiky  |X 322  |U M6000  |Y 86  |7 A000000322 
856 4 |a info a plný text  |u http://is.stuba.sk/zp/portal_zp.pl?podrobnosti=75147  |3 VAIS 
996 |c M*DP-9268  |l MMSKP  |s P  |a 0  |w stu206738_0001